[Event "Bilbao"]
[Site "Bilbao"]
[Date "1987.??.??"]
[Round "?"]
[White "Karpov, Anatoly"]
[Black "Chiburdanidze, Maia"]
[Result "1/2-1/2"]
[WhiteElo "2710"]
[BlackElo "2530"]

1.e4 c5 2.Nf3 Nc6 3.Nc3 Nf6 4.Bb5 g6 5.e5 Ng4 6.Bxc6 dxc6 7.h3 Nh6 8.g4 Bg7
9.Qe2 O-O 10.d3 f6 11.Bf4 Nf7 12.O-O-O fxe5 13.Bg3 Be6 14.Nxe5 Bd5 15.Nxf7 Rxf7
16.Nxd5 cxd5 17.Be5 Bxe5 18.Qxe5  1/2-1/2

[Event "Bilbao"]
[Site "Bilbao"]
[Date "1987.??.??"]
[Round "?"]
[White "Chiburdanidze, Maia"]
[Black "Andersson, Ulf"]
[Result "1/2-1/2"]
[WhiteElo "2530"]
[BlackElo "2600"]

1.e4 c5 2.Nf3 e6 3.d4 cxd4 4.Nxd4 Nc6 5.Nc3 a6 6.g3 d6 7.Bg2 Bd7 8.a4 Nf6
9.O-O Be7 10.Nb3 Na5 11.Nxa5 Qxa5 12.Bd2 Qc7 13.a5 O-O 14.Na4 Bc6 15.Nb6 Rae8
16.Re1 Nd7 17.Nxd7  1/2-1/2

[Event "Bilbao"]
[Site "Bilbao"]
[Date "1987.??.??"]
[Round "?"]
[White "Chiburdanidze, Maia"]
[Black "Sokolov, Andrei"]
[Result "1/2-1/2"]
[WhiteElo "2530"]
[BlackElo "2645"]

1.e4 c5 2.Nf3 d6 3.c3 Nf6 4.h3 Nc6 5.Bd3 g6 6.O-O Bg7 7.Bc2 O-O 8.Re1 b6
9.Na3 Bb7 10.d4 cxd4 11.cxd4 Rc8 12.d5 Nb4 13.Bb1 Nd7 14.Nb5 a6 15.Nbd4 Ne5
16.Nxe5 dxe5 17.Nf3 a5 18.Bd2 Qd6 19.Bc3 e6 20.a3 Na6 21.dxe6 Qxe6 22.Ba2 Qe7
23.Qb3 Nc5 24.Qxb6 Bxe4 25.Nd2 Ba8 26.Re3 Na4 27.Qb5 Nxc3 28.bxc3 Rb8 29.Qe2 Rb2
30.Qe1 Qb7 31.Nf3 h6 32.Rb1 Rxb1 33.Qxb1 Qxb1+ 34.Bxb1 Rb8 35.Be4 Bxe4 36.Rxe4 f5
37.Ra4 Rb5 38.Kf1 Kf7 39.Ke2 Ke6 40.c4 Rb2+ 41.Nd2 e4 42.Rxa5 Bc3 43.Rd5 Ra2
44.f3 exf3+ 45.gxf3 g5 46.Rd3 Bb2 47.c5 Bc1 48.Kd1 Bxd2 49.Rxd2 Rxa3 50.Rd6+ Ke5
51.Rxh6 Rxf3 52.c6 Rc3  1/2-1/2

[Event "Brussels mix"]
[Site "Brussels"]
[Date "1987.??.??"]
[Round "3"]
[White "Lobron, Eric"]
[Black "Chiburdanidze, Maia"]
[Result "1/2-1/2"]
[WhiteElo "2530"]
[BlackElo "2550"]

1.d4 Nf6 2.Nf3 g6 3.c3 Bg7 4.Bg5 Ne4 5.Bh4 O-O 6.Nbd2 d5 7.e3 Bf5 8.Nxe4 Bxe4
9.Bd3 Bxd3 10.Qxd3 Qd7 11.O-O e6 12.Rac1 Na6 13.b4 c6 14.Ne5 Qe8 15.Bg3 Nb8
16.Nf3 Qe7 17.b5 a6 18.bxc6 Nxc6 19.c4 dxc4 20.Rxc4 Rfd8 21.Bh4 Bf6 22.Bxf6 Qxf6
23.Qc3 Rd5 24.Rb1 Rb5 25.Rxb5 axb5 26.Rc5 b4 27.Qb2 Qd8 28.h4 Ra5 29.Rxa5 Qxa5
30.e4 Qa3 31.Qd2 Qc3 32.Qf4 h6 33.d5 Nd4 34.Qb8+ Kh7 35.Nxd4 Qa1+ 36.Kh2 Qxd4
37.Qf4 Kg7 38.dxe6 fxe6 39.Qc7+ Kf6 40.Qf4+ Kg7 41.Qc7+ Kf6 42.Qxb7 Qxf2
43.Qxb4 Qxh4+ 44.Kg1 Qf4 45.a4 Qe3+ 46.Kh2 h5 47.Qf8+ Kg5 48.Qd8+ Kg4 49.Qd1+ Kg5
50.Qd8+ Kg4 51.Qd1+ Kg5 52.Qf3 Qa7 53.Qg3+ Kh6 54.Qf4+ Kh7 55.e5 Qa5 56.Kh3 Qe1
57.Qf7+ Kh6 58.Qf4+ Kh7 59.Kh2 Kg7 60.Qf6+ Kh7 61.Qe7+ Kh6 62.Qf8+ Kh7 63.Qf4 Kg7
64.g3 Kh7 65.Qf7+ Kh6 66.Qf8+ Kh7 67.Qe7+ Kh6 68.Qf8+ Kh7 69.Qf7+ Kh6 70.Qf3 Kg7
71.Qf4 Kh7 72.Kg2 Kg7 73.Qf6+ Kh6 74.Qh8+ Kg5 75.Qf6+ Kh6 76.Qh8+ Kg5 77.Qd8+ Kh6
78.Qf8+ Kh7 79.Qf7+ Kh6 80.Qf3 Kg7 81.Qb7+ Kh6 82.Qf3 Kg7 83.Qf4 Kh7 84.Qd4 Kh6  1/2-1/2

[Event "Brussels mix"]
[Site "Brussels"]
[Date "1987.??.??"]
[Round "7"]
[White "Chiburdanidze, Maia"]
[Black "Lobron, Eric"]
[Result "1-0"]
[WhiteElo "2550"]
[BlackElo "2530"]

1.Nf3 Nf6 2.c4 c6 3.d4 d6 4.Nc3 Nbd7 5.g3 e5 6.e4 Be7 7.Bg2 O-O 8.O-O a6
9.Re1 Re8 10.Rb1 Bf8 11.d5 cxd5 12.cxd5 b5 13.b4 Qc7 14.Qd3 Nb6 15.Bg5 Be7
16.Rec1 Qb7 17.Nd2 Bd7 18.Nb3 Nc4 19.Na5 Nxa5 20.bxa5 Rec8 21.Bd2 Bd8 22.Nd1 Rxc1
23.Rxc1 b4 24.Rb1 Bxa5 25.Ne3 Rc8 26.Qb3 Qb6 27.Nc4 Qd4 28.Nxa5 Qxd2 29.Nc4 Qh6
30.Qxb4 Ng4 31.h3 Bb5 32.hxg4  1-0

[Event "Berlin op"]
[Site "Berlin-West"]
[Date "1988.??.??"]
[Round "1"]
[White "Schulz, Klaus Juergen"]
[Black "Chiburdanidze, Maia"]
[Result "1/2-1/2"]
[WhiteElo "2360"]
[BlackElo "2555"]

1.c4 Nf6 2.Nf3 g6 3.g3 Bg7 4.Bg2 c6 5.d4 d5 6.cxd5 cxd5 7.Ne5 Nc6 8.Nxc6 bxc6
9.Nc3 Qb6 10.O-O Nd7 11.e4 dxe4 12.d5 Bxc3 13.bxc3 cxd5 14.Qxd5 Bb7 15.Qg5 f6
16.Qh6 Kf7 17.Be3 Qa5 18.Rab1 Bc6 19.Rfd1 Qh5 20.Qxh5 gxh5 21.Rb4  1/2-1/2

[Event "Berlin op"]
[Site "Berlin-West"]
[Date "1988.??.??"]
[Round "3"]
[White "Fette, Martin"]
[Black "Chiburdanidze, Maia"]
[Result "1-0"]
[WhiteElo "2330"]
[BlackElo "2555"]

1.e4 e5 2.Nf3 Nc6 3.Bc4 Nf6 4.d4 exd4 5.O-O d6 6.Nxd4 Be7 7.Nc3 O-O 8.h3 Nxd4
9.Qxd4 Nd7 10.Bf4 Bf6 11.Qd2 Nc5 12.Rfe1 Be5 13.Rad1 Qh4 14.Nd5 Ne6 15.Bxe5 dxe5
16.Qb4 Nf4 17.Qe7 Nxg2 18.Rd3 Bxh3 19.Qxh4 Nxh4 20.Rxh3 Ng6 21.Rd3 Rac8 22.Ne3 Rfd8
23.Red1 Rxd3 24.Rxd3 Nf8 25.Ng4  1-0

[Event "Berlin op"]
[Site "Berlin-West"]
[Date "1988.??.??"]
[Round "4"]
[White "Chiburdanidze, Maia"]
[Black "Kas Fromm, Rita"]
[Result "1/2-1/2"]
[WhiteElo "2555"]
[BlackElo "2185"]

1.e4 c5 2.Nf3 Nc6 3.Bb5 e6 4.O-O Nge7 5.c3 a6 6.Ba4 b5 7.Bc2 d5 8.d4 cxd4
9.exd5 Nxd5 10.Nxd4 Bb7 11.a4 Nxd4 12.Qxd4 Qf6 13.Qd3 Rd8 14.Qe2 b4 15.Be4 Bd6
16.g3 bxc3 17.bxc3 O-O 18.Ra2  1/2-1/2

[Event "Berlin op"]
[Site "Berlin-West"]
[Date "1988.??.??"]
[Round "5"]
[White "Schlemmermeyer, Wilhelm"]
[Black "Chiburdanidze, Maia"]
[Result "0-1"]
[WhiteElo "2265"]
[BlackElo "2555"]

1.Nf3 Nf6 2.c4 e6 3.g3 d5 4.d4 Be7 5.Bg2 O-O 6.O-O c6 7.Qc2 b6 8.b3 Bb7 9.Nc3 Nbd7
10.Bb2 Qb8 11.Rad1 Rd8 12.e4 dxe4 13.Nxe4 c5 14.Nxf6+ Bxf6 15.dxc5 Bxb2 16.Qxb2 Nxc5
17.Rd4 Re8 18.Re1 f6 19.Nh4 e5 20.Bd5+ Ne6 21.Bxe6+ Rxe6 22.Qe2 Rd6 23.Rxd6 Qxd6
24.Nf5 Qd7 25.Ne3 Rd8 26.Rd1 Qc7 27.Rd3 Be4 28.Rd2 Rd6 29.Rxd6 Qxd6 30.Qd1 Qxd1+
31.Nxd1 Kf7 32.f4 exf4 33.gxf4 g5 34.fxg5 fxg5 35.Kf2 Ke6 36.Ke3 Ke5 37.b4 h5
38.Nc3 Bb7 39.Nd1 g4 40.Nf2 Kf5 41.c5 b5 42.a3 h4 43.Nd1 Bc6 44.Nc3 g3 45.h3 Ke5
46.Ne2 Kd5 47.Kd3 Bd7 48.Ng1 Bf5+ 49.Ke3 Kc4 50.Nf3 Bxh3 51.Nxh4 Kb3  0-1

[Event "Berlin op"]
[Site "Berlin-West"]
[Date "1988.??.??"]
[Round "6"]
[White "Chiburdanidze, Maia"]
[Black "Wintzer, Joachim"]
[Result "1/2-1/2"]
[WhiteElo "2555"]
[BlackElo "2190"]

1.e4 e6 2.d4 d5 3.Nc3 Bb4 4.a3 Bxc3+ 5.bxc3 Ne7 6.Bd3 c5 7.dxc5 dxe4 8.Bxe4 Qxd1+
9.Kxd1 e5 10.Rb1 Nbc6 11.f4 Bf5 12.Bxf5 Nxf5 13.Nf3 O-O-O+ 14.Ke2 Rhe8 15.Kf2 e4
16.Ng5 f6 17.Nf7 Rd7 18.Nd6+ Nxd6 19.cxd6 Rxd6 20.Be3  1/2-1/2

[Event "Berlin op"]
[Site "Berlin-West"]
[Date "1988.??.??"]
[Round "7"]
[White "Cladouras, Panagiotis"]
[Black "Chiburdanidze, Maia"]
[Result "0-1"]
[WhiteElo "2375"]
[BlackElo "2555"]

1.e4 e5 2.Nf3 Nc6 3.Bb5 a6 4.Ba4 Nf6 5.O-O Be7 6.Re1 b5 7.Bb3 d6 8.c3 O-O
9.h3 Na5 10.Bc2 c5 11.d4 Qc7 12.Nbd2 Re8 13.dxe5 dxe5 14.Nh2 c4 15.Qf3 Nb7
16.Ndf1 Nc5 17.Ng4 Be6 18.Nxf6+ Bxf6 19.Be3 Red8 20.Red1 Be7 21.Rxd8+ Rxd8
22.Rd1 Nd3 23.Rb1 b4 24.Bxd3 cxd3 25.cxb4 Qc2 26.Qd1 Bxa2 27.Qxc2 dxc2 28.Rc1 Bb1
29.Bd2 Rd4 30.f3 Bh4 31.Kh2 h6 32.g3 Bg5 33.f4 exf4  0-1

[Event "Berlin op"]
[Site "Berlin-West"]
[Date "1988.??.??"]
[Round "9"]
[White "Hector, Jonny"]
[Black "Chiburdanidze, Maia"]
[Result "1-0"]
[WhiteElo "2435"]
[BlackElo "2555"]

1.e4 e5 2.Nc3 Nf6 3.f4 d5 4.fxe5 Nxe4 5.Nf3 Be7 6.Qe2 Nxc3 7.dxc3 c6 8.Qf2 O-O
9.Bd3 Nd7 10.Qg3 Kh8 11.O-O Nc5 12.Ng5 Nxd3 13.Nxf7+ Rxf7 14.Rxf7 Bc5+ 15.Be3 Bxe3+
16.Qxe3 Be6 17.Rxb7 Qc8 18.Re7 Nxb2 19.Rb1 Rb8 20.Qxa7 Bf5 21.Rxg7 Bxc2 22.Rc7 Qg8
23.e6  1-0

[Event "Biel"]
[Site "Biel"]
[Date "1988.??.??"]
[Round "?"]
[White "Kindermann, Stefan"]
[Black "Chiburdanidze, Maia"]
[Result "1/2-1/2"]
[WhiteElo "2525"]
[BlackElo "2555"]

1.e4 c5 2.Nf3 d6 3.d4 cxd4 4.Nxd4 Nf6 5.Nc3 g6 6.Be2 Bg7 7.O-O O-O 8.Kh1 Nc6
9.Nb3 Be6 10.f4 Qc8 11.Bf3 Bg4 12.Nd5 Bxf3 13.Qxf3 Nxd5 14.exd5 Nd4 15.Nxd4 Bxd4
16.Qd3 Bf6 17.f5 Qc7 18.c3 Rfc8 19.Bh6 Qc4 20.Qf3 Qh4 21.Bd2 Rc5 22.Rad1 Be5
23.g3 Qh5 24.Qd3 Qg4 25.Be3 Rc4 26.Bf4 Rac8 27.Bxe5  1/2-1/2

[Event "Biel"]
[Site "Biel"]
[Date "1988.??.??"]
[Round "?"]
[White "Hort, Vlastimil"]
[Black "Chiburdanidze, Maia"]
[Result "1/2-1/2"]
[WhiteElo "2595"]
[BlackElo "2555"]

1.d4 Nf6 2.c4 g6 3.Nc3 d5 4.cxd5 Nxd5 5.e4 Nxc3 6.bxc3 Bg7 7.Bc4 c5 8.Ne2 O-O
9.O-O Nc6 10.Be3 Na5 11.Bd3 b6 12.Rc1 Bb7 13.Qd2 Qd7 14.Rfd1 cxd4 15.cxd4 Rfc8
16.h4 Rxc1 17.Rxc1 Rc8 18.h5 Rxc1+ 19.Qxc1 e6 20.h6 Bf8 21.Bg5 Qa4 22.Qb1 Nc6
23.Bc2 Qc4 24.Bd3 Qa4 25.Bb5 Qa5 26.Be3  1/2-1/2

[Event "Biel"]
[Site "Biel"]
[Date "1988.??.??"]
[Round "?"]
[White "Gulko, Boris F"]
[Black "Chiburdanidze, Maia"]
[Result "1/2-1/2"]
[WhiteElo "2590"]
[BlackElo "2555"]

1.d4 Nf6 2.c4 e6 3.Nc3 Bb4 4.Qc2 d5 5.cxd5 exd5 6.Bg5 h6 7.Bxf6 Qxf6 8.a3 Bxc3+
9.Qxc3 c6 10.e3 O-O 11.Nf3 Bf5 12.Be2 Nd7 13.O-O Qd6 14.b4 a6 15.a4 Bg4 16.Rfc1 Rfc8
17.h3 Bxf3 18.Bxf3 Nf6 19.Qc5 Qd8 20.Ra2 a5 21.Rb2 axb4 22.Qxb4 Rcb8 23.Rcb1 Ne8
24.e4 dxe4 25.Bxe4 Rc8 26.Re2 Nd6 27.Bc2 b5 28.axb5 Nxb5 29.Rd1 Qd6 30.Qxd6  1/2-1/2

[Event "Biel"]
[Site "Biel"]
[Date "1988.??.??"]
[Round "?"]
[White "Chiburdanidze, Maia"]
[Black "Torre, Eugenio"]
[Result "0-1"]
[WhiteElo "2555"]
[BlackElo "2555"]

1.e4 e5 2.Nf3 Nc6 3.Bb5 Nf6 4.d3 d6 5.c4 Be7 6.Nc3 O-O 7.h3 Nd7 8.Be3 Bf6
9.Nd5 Nd4 10.Nxd4 exd4 11.Nxf6+ Qxf6 12.Bc1 Nc5 13.b4 a6 14.Ba4 Nxa4 15.Qxa4 Qg6
16.g4 f5 17.Bb2 fxe4 18.Bxd4 exd3 19.Be3 Be6  0-1

[Event "Biel"]
[Site "Biel"]
[Date "1988.??.??"]
[Round "?"]
[White "Chiburdanidze, Maia"]
[Black "Sokolov, Ivan"]
[Result "0-1"]
[WhiteElo "2555"]
[BlackElo "2570"]

1.Nf3 Nf6 2.c4 g6 3.g3 Bg7 4.Bg2 O-O 5.O-O d6 6.Nc3 e5 7.d4 Nbd7 8.e4 a6
9.Re1 Rb8 10.dxe5 dxe5 11.b4 c6 12.h3 Qe7 13.Qb3 b5 14.c5 a5 15.a3 Rd8 16.Bb2 Nf8
17.Rad1 Be6 18.Qc2 a4 19.Nxe5 Bb3 20.Rxd8 Rxd8 21.Nxc6 Qe8 22.Qe2 Bc4 23.Nxd8 Bxe2
24.Nb7 Bc4 25.e5 N6d7 26.Nd6 Qe6 27.f4 g5 28.c6 gxf4 29.gxf4 Nb6 30.Nce4 Nd5
31.f5 Qh6 32.Nxc4 bxc4 33.f6 Qh4 34.Rd1 Bh6 35.Nd6 Ne3 36.Nf5 Nxf5 37.c7 Be3+
38.Kh1 Ng3+ 39.Kh2 Qf4  0-1

[Event "Biel"]
[Site "Biel"]
[Date "1988.??.??"]
[Round "?"]
[White "Chiburdanidze, Maia"]
[Black "Romanishin, Oleg M"]
[Result "0-1"]
[WhiteElo "2555"]
[BlackElo "2550"]

1.d4 Nf6 2.c4 e6 3.g3 c5 4.d5 exd5 5.cxd5 d6 6.Nc3 g6 7.Bg2 Bg7 8.Nf3 O-O
9.O-O Re8 10.a4 Nbd7 11.Bf4 Nb6 12.a5 Nc4 13.Qa4 Nxb2 14.Qb3 Rb8 15.Ra2 Ne4
16.Bd2 Nxd2 17.Nxd2 b5 18.Rxb2 Qxa5 19.Nce4 Qc7 20.Nc4 Rd8 21.Rbb1 a5 22.Na3 Ba6
23.f4 c4 24.Qf3 b4 25.f5 bxa3 26.f6 Bh6 27.Qxa3 Rxb1 28.Rxb1 Rb8 29.Rxb8+ Qxb8
30.Bf3 Qb4 31.Qa1 Be3+ 32.Kg2 a4 33.Nc3 Bd4 34.Qxa4 Qxa4 35.Nxa4 Bb5 36.e3 Bxa4  0-1

[Event "Biel"]
[Site "Biel"]
[Date "1988.??.??"]
[Round "?"]
[White "Campora, Daniel H"]
[Black "Chiburdanidze, Maia"]
[Result "0-1"]
[WhiteElo "2540"]
[BlackElo "2555"]

1.e4 e5 2.Nf3 Nc6 3.Nc3 Nf6 4.Bb5 d6 5.d4 Bd7 6.O-O Be7 7.Re1 exd4 8.Nxd4 O-O
9.Bxc6 bxc6 10.Qf3 Rb8 11.e5 dxe5 12.Nxc6 Bxc6 13.Qxc6 Qd6 14.Qf3 c6 15.b3 Bd8
16.Bb2 Bc7 17.Ne4 Nxe4 18.Qxe4 f6 19.Rad1 Qc5 20.Rd7 Bb6 21.Re2 Rbd8 22.b4 Qb5
23.Red2 Rxd7 24.Rxd7 Rd8 25.Rxd8+ Bxd8 26.a3 Qd5 27.Qe2 Qa2 28.Bc1 Bb6 29.Kf1 Bd4
30.Qd2 Kf7 31.Ke2 Qc4+ 32.Qd3 Qxd3+ 33.cxd3 Ke6 34.f3 Kd5 35.Kd2 f5 36.h3 a6
37.Ke2 Bc3 38.g3 g6 39.f4 e4 40.Ke3 Bd4+ 41.Ke2 h5 42.dxe4+ Kxe4 43.h4 Kd5  0-1

[Event "Haninge"]
[Site "Haninge"]
[Date "1988.??.??"]
[Round "?"]
[White "Chiburdanidze, Maia"]
[Black "Schussler, Harry"]
[Result "1/2-1/2"]
[WhiteElo "2560"]
[BlackElo "2490"]

1.e4 e5 2.Nf3 Nf6 3.d4 Nxe4 4.Bd3 d5 5.Nxe5 Bd6 6.O-O O-O 7.Nc3 Nxc3 8.bxc3 Nd7
9.Re1 Bxe5 10.dxe5 Nc5 11.Bf1 Re8 12.Qh5 Qd7 13.Be3 Qc6 14.Rab1 a6 15.Rb4 b6
16.Rh4 h6 17.Rf4 Qg6 18.Qd1 c6 19.Rb4 Bf5 20.Rxb6 Nd7 21.Rxa6 Rxa6 22.Bxa6 Nxe5
23.Bd3 Nxd3 24.cxd3 Bxd3 25.f3 Bc4 26.a4 Rb8 27.Qc1 Ra8 28.Qa1 Qd6 29.a5 c5
30.Qa3 Qc7 31.Ra1 Rc8 32.a6 Qa7 33.Qa4 Ra8 34.Qc6 d4 35.Bxd4 cxd4 36.Qxc4 dxc3+
37.Kf1 Qe3 38.Qd5 Ra7 39.Qd8+ Kh7 40.Re1 Qc5 41.Qd3+  1/2-1/2

[Event "Haninge"]
[Site "Haninge"]
[Date "1988.??.??"]
[Round "?"]
[White "Sosonko, Gennadi"]
[Black "Chiburdanidze, Maia"]
[Result "1-0"]
[WhiteElo "2535"]
[BlackElo "2560"]

1.d4 Nf6 2.c4 g6 3.Nc3 d5 4.Nf3 Bg7 5.Qb3 dxc4 6.Qxc4 O-O 7.e4 Nc6 8.Be2 Bg4
9.d5 Na5 10.Qb4 Bxf3 11.Bxf3 b6 12.O-O c5 13.Qa4 Nd7 14.Bg5 h6 15.Bh4 Ne5
16.Be2 a6 17.Rad1 b5 18.Qc2 g5 19.Bg3 Rc8 20.h4 Qb6 21.Nb1 Nac4 22.b3 Nd6
23.Nd2 c4 24.hxg5 hxg5 25.bxc4 Ndxc4 26.Nxc4 bxc4 27.Rb1 Qc5 28.Qd2 c3 29.Qxg5 Nc4
30.Bf4 e5 31.Bc1 Nd6 32.Qg4 f5 33.exf5 Qxd5 34.Ba3 c2 35.Rb6 Nxf5 36.Bxf8 Rxf8
37.Bc4  1-0

[Event "Haninge"]
[Site "Haninge"]
[Date "1988.??.??"]
[Round "?"]
[White "Barlov, Dragan"]
[Black "Chiburdanidze, Maia"]
[Result "0-1"]
[WhiteElo "2520"]
[BlackElo "2560"]

1.e4 e5 2.Nf3 Nc6 3.Bb5 a6 4.Ba4 Nf6 5.Qe2 b5 6.Bb3 Bc5 7.c3 d6 8.O-O O-O
9.Rd1 Bb6 10.d3 h6 11.h3 Qe7 12.Nbd2 Nh5 13.Nf1 Nf4 14.Bxf4 exf4 15.d4 Bd7
16.Ne1 Rae8 17.Nd2 Na5 18.Bc2 c5 19.Nef3 cxd4 20.cxd4 Nc6 21.Nb3 f5 22.Re1 Nb4
23.Bb1 fxe4 24.Qxe4 Qxe4 25.Bxe4 Be6 26.Nfd2 d5 27.Bg6 Bf7 28.Bxf7+ Kxf7
29.Nf3 Nd3 30.Rxe8 Rxe8 31.a4 b4 32.a5 Bc7 33.Kf1 Nxb2 34.Nc5 Nc4 35.Nxa6 Bxa5
36.Ne5+ Rxe5 37.dxe5 b3 38.Ke2 b2 39.Rb1 Bc3 40.e6+ Ke7 41.Nc7 d4 42.Nb5 Nd2
43.Rxb2 f3+ 44.gxf3 Bxb2 45.Kxd2 Kxe6 46.Kc2 Ba1 47.Kb1 Bc3 48.Kc2 Kf5 49.Kd3 Kg5
50.Nd6 Kf4 51.Ne8 g6 52.Nd6 Kxf3 53.Nf7 Kxf2 54.Nxh6 Kg3 55.Nf7 Kxh3 56.Ke4 Kh4
57.Ne5  0-1

[Event "Haninge"]
[Site "Haninge"]
[Date "1988.??.??"]
[Round "?"]
[White "Chiburdanidze, Maia"]
[Black "Polugaevsky, Lev"]
[Result "0-1"]
[WhiteElo "2560"]
[BlackElo "2575"]

1.e4 c5 2.Nf3 d6 3.c3 Nf6 4.Bd3 g6 5.O-O Bg7 6.Bc2 Nc6 7.h3 e5 8.d3 O-O 9.Be3 b6
10.d4 exd4 11.cxd4 Nb4 12.Nc3 Nxc2 13.Qxc2 Re8 14.Rfe1 Bb7 15.Bg5 cxd4 16.Nxd4 h6
17.Bh4 Rc8 18.Qd3 a6 19.Rad1 Qc7 20.Nb3 b5 21.Bg3 Qc4 22.Qxd6 Re6 23.Qf4 Nh5
24.Qg4 Bxc3 25.bxc3 Nxg3 26.Qxg3 Rxe4 27.Rxe4 Qxe4 28.Kh2 Rxc3 29.Rd8+ Kh7
30.f3 Qe7 31.Rd6 Rc2 32.Nd4 Rxa2 33.Rb6 Bd5 34.Rd6 Bc4 35.Nc6 Qg5 36.Ne5 Qxg3+
37.Kxg3 Be6 38.Rb6 g5 39.Nd3 Bc4 40.Nb4 Rb2 41.Nxa6 Bf1  0-1

[Event "Haninge"]
[Site "Haninge"]
[Date "1988.??.??"]
[Round "?"]
[White "Andersson, Ulf"]
[Black "Chiburdanidze, Maia"]
[Result "1/2-1/2"]
[WhiteElo "2605"]
[BlackElo "2560"]

1.Nf3 d5 2.d4 Bf5 3.Bf4 c6 4.e3 e6 5.Bd3 Bxd3 6.Qxd3 Bd6 7.Bg3 Nf6 8.Nbd2 Bxg3
9.hxg3 Nbd7 10.g4 Nxg4 11.Rxh7 Rxh7 12.Qxh7 Qf6 13.Qh5 Nh6 14.Ke2 Qf5 15.Qxf5 Nxf5
16.Rh1 Ke7 17.Ne5 Nd6 18.Rh7 Rg8 19.Nxd7 Kxd7 20.g4 Ke7 21.g5 Kf8 22.c3 g6
23.Kf3 Ke7 24.Kf4 Rc8 25.Nf3 Kf8 26.Rh8+ Ke7 27.Rh7 Kf8 28.Ne5 Kg8 29.Rh2 c5
30.Nd7 cxd4 31.exd4 Rc7 32.Nf6+ Kf8 33.Rh8+ Ke7 34.Ng8+ Kf8 35.Nf6+ Ke7 36.Ng8+ Kf8
37.Nf6+  1/2-1/2

[Event "Haninge"]
[Site "Haninge"]
[Date "1988.??.??"]
[Round "?"]
[White "Kortschnoj, Viktor"]
[Black "Chiburdanidze, Maia"]
[Result "1/2-1/2"]
[WhiteElo "2640"]
[BlackElo "2560"]

1.Nf3 Nf6 2.c4 g6 3.Nc3 d5 4.cxd5 Nxd5 5.Qa4+ Bd7 6.Qh4 Nxc3 7.dxc3 Nc6 8.e4 e5
9.Bg5 Be7 10.Qh6 Bxg5 11.Nxg5 Qe7 12.Bc4 f6 13.Nf3 O-O-O 14.Qe3  1/2-1/2

[Event "Linares"]
[Site "Linares"]
[Date "1988.??.??"]
[Round "?"]
[White "Ljubojevic, Ljubomir"]
[Black "Chiburdanidze, Maia"]
[Result "1-0"]
[WhiteElo "2610"]
[BlackElo "2560"]

1.c4 Nf6 2.Nc3 d5 3.cxd5 Nxd5 4.g3 Nxc3 5.bxc3 g6 6.Bg2 Bg7 7.Rb1 c6 8.Nf3 O-O
9.O-O b6 10.c4 Qc7 11.a4 Rd8 12.d3 Bb7 13.a5 Nd7 14.Bg5 Re8 15.Bh3 e6 16.Bf4 e5
17.Be3 f5 18.axb6 axb6 19.Bxb6 Nxb6 20.Qb3 c5 21.Qxb6 Qxb6 22.Rxb6 Bxf3 23.exf3 Rad8
24.Rb3 Rd4 25.Re1 Red8 26.Bf1 R8d7 27.Rb8+ Rd8 28.Rb6 Rc8 29.Rb7 Rcd8 30.Rc7 Bf8
31.Ra7 Re8 32.f4 e4 33.h4 h5 34.Kh2 Re6 35.Re3 Bg7 36.f3 Rb6 37.fxe4 Rb2+
38.Kh3 fxe4 39.Rxe4 Rxe4 40.dxe4 Bd4 41.e5 Rb3 42.e6 Re3 43.Bg2 Kf8 44.Rf7+ Ke8
45.Bc6+ Kd8 46.Rd7+ Kc8  1-0

[Event "Linares"]
[Site "Linares"]
[Date "1988.??.??"]
[Round "?"]
[White "Illescas Cordoba, Miguel"]
[Black "Chiburdanidze, Maia"]
[Result "1/2-1/2"]
[WhiteElo "2495"]
[BlackElo "2560"]

1.e4 c5 2.Nf3 g6 3.d4 Bg7 4.d5 d6 5.Be2 Nf6 6.Nc3 O-O 7.O-O e6 8.dxe6 Bxe6
9.Ng5 Nc6 10.f4 Nd4 11.Nxe6 fxe6 12.Bd3 d5 13.e5 Nd7 14.Ne2 Nf5 15.Ng3 Nh6
16.c4 Nb6 17.cxd5  1/2-1/2

[Event "Linares"]
[Site "Linares"]
[Date "1988.??.??"]
[Round "?"]
[White "Chiburdanidze, Maia"]
[Black "Timman, Jan H"]
[Result "0-1"]
[WhiteElo "2560"]
[BlackElo "2675"]

1.d4 Nf6 2.c4 e6 3.g3 d5 4.Bg2 Be7 5.Nf3 O-O 6.O-O c6 7.Qc2 b6 8.Nbd2 Bb7
9.e4 Na6 10.exd5 cxd5 11.b3 Rc8 12.Bb2 Nb4 13.Qc3 dxc4 14.bxc4 Nc6 15.Nb3 Ne4
16.Qd3 Nd6 17.a3 Ba6 18.Rfc1 Bf6 19.Nfd2 Rc7 20.Ne4 Nxe4 21.Qxe4 Ne7 22.Bf1 Bb7
23.Qf4 Nf5 24.Rd1 Bg5 25.Qe5 Bf6 26.Qf4 Ba6 27.d5 Bxb2 28.dxe6 Qe7 29.Ra2 Nxg3
30.hxg3 fxe6 31.Qe4 Bb7 32.Qe3 Rf3  0-1

[Event "Linares"]
[Site "Linares"]
[Date "1988.??.??"]
[Round "?"]
[White "Georgiev, Kiril"]
[Black "Chiburdanidze, Maia"]
[Result "1-0"]
[WhiteElo "2595"]
[BlackElo "2560"]

1.Nf3 Nf6 2.c4 g6 3.Nc3 d5 4.cxd5 Nxd5 5.Qa4+ Bd7 6.Qh4 Bc6 7.Qd4 f6 8.e4 Nxc3
9.bxc3 e5 10.Qe3 Qe7 11.a4 Qe6 12.Bd3 Nd7 13.Bc2 Qc4 14.d4 Bh6 15.Nd2 Bxe3
16.Nxc4 Bxc1 17.Rxc1 Nb6 18.Nb2 exd4 19.cxd4 O-O-O 20.d5 Be8 21.a5 Nd7 22.Nd3 Ne5
23.Nxe5 fxe5 24.Ke2 Rf8 25.Bd3 Rd6 26.Ke3 Rf7 27.Rc3 Rdf6 28.Rc2 Re7 29.Rhc1 Rd6
30.Be2 Kd8 31.h3 Kc8 32.g3 Kb8 33.Bg4 c6 34.Be6 b6 35.axb6 axb6 36.f4 exf4+
37.Kxf4 Rexe6 38.dxe6 Rxe6 39.Rd2 c5 40.e5 Kc7 41.Ra1 Bc6 42.Ra7+ Bb7 43.Rd6 Re7
44.Rf6 Kb8 45.Ra1 Kc7 46.Rd1 Bc8 47.h4 Bd7 48.Rdd6 b5 49.Ra6 b4 50.Ra5 Be6
51.Ra7+  1-0

[Event "Linares"]
[Site "Linares"]
[Date "1988.??.??"]
[Round "?"]
[White "Chiburdanidze, Maia"]
[Black "Jussupow, Artur"]
[Result "1/2-1/2"]
[WhiteElo "2560"]
[BlackElo "2620"]

1.d4 e6 2.c4 f5 3.Nc3 Nf6 4.Bg5 Bb4 5.Qb3 c5 6.e3 O-O 7.a3 Qa5 8.Bd3 Bxc3+
9.bxc3 Nc6 10.Ne2 d6 11.O-O Qc7 12.Qc2 Ne7 13.e4 fxe4 14.Bxe4 Nxe4 15.Qxe4 Ng6
16.h4 Rf7 17.h5 Nf8 18.h6 Bd7 19.Ng3 cxd4 20.cxd4 Qxc4 21.Nh5 Qb5 22.Qg4 Qf5
23.Qg3 gxh6 24.Bxh6+ Ng6 25.Nf4 e5 26.dxe5 dxe5 27.Nxg6 Qxg6 28.Qxg6+ hxg6
29.Rfe1 Re8 30.Rad1 Bc6 31.Rd6 Kh7 32.Be3 a6 33.Bd2 Rd7 34.Rxd7+ Bxd7 35.f3 Bc6
36.Bc3 e4 37.Re3 Kg8 38.fxe4 Bxe4 39.Bd4 Kf7 40.Kf2 b5 41.g4 Re6 42.Kg3 g5  1/2-1/2

[Event "Linares"]
[Site "Linares"]
[Date "1988.??.??"]
[Round "?"]
[White "Chiburdanidze, Maia"]
[Black "Nikolic, Predrag"]
[Result "1/2-1/2"]
[WhiteElo "2560"]
[BlackElo "2630"]

1.d4 Nf6 2.c4 e6 3.g3 d5 4.Bg2 Be7 5.Nf3 O-O 6.O-O c6 7.Qc2 b6 8.Nbd2 Bb7
9.b3 Nbd7 10.Bb2 c5 11.Rac1 Rc8 12.Qb1 dxc4 13.Nxc4 cxd4 14.Nxd4 Bxg2 15.Kxg2 a6
16.Ne3 Rxc1 17.Rxc1 Qa8+ 18.f3 Rc8 19.Rxc8+ Qxc8 20.Qc2 Qxc2 21.Nexc2 Bd6  1/2-1/2

[Event "Linares"]
[Site "Linares"]
[Date "1988.??.??"]
[Round "?"]
[White "Chiburdanidze, Maia"]
[Black "Hjartarson, Johann"]
[Result "0-1"]
[WhiteElo "2560"]
[BlackElo "2590"]

1.d4 Nf6 2.c4 e6 3.g3 d5 4.Bg2 Be7 5.Nf3 O-O 6.O-O dxc4 7.Qc2 a6 8.Rd1 b5
9.Ng5 c6 10.e4 h6 11.Nh3 c5 12.dxc5 Qc7 13.e5 Nd5 14.Nf4 Nxf4 15.Bxf4 Bb7
16.Bxb7 Qxb7 17.b3 cxb3 18.axb3 Nc6 19.Qe4 Bxc5 20.Nd2 Qb6 21.Qe2 Rfd8 22.Rac1 Ba3
23.Rb1 Nd4 24.Qe3 Be7 25.Ne4 g5 26.Nxg5 hxg5 27.Bxg5 Kf8 28.Bxe7+ Kxe7 29.Qg5+ Kd7
30.Qf6 Kc8 31.Qxf7 Ra7 32.Qf6 Rad7 33.Re1 Kb8 34.Re3 Qc6 35.h4 Nc2 36.Rf3 Nd4
37.Re3 Nf5 38.Ree1 Rd2 39.Rbc1 Qd5 40.Qg5 Nd4  0-1

[Event "Linares"]
[Site "Linares"]
[Date "1988.??.??"]
[Round "?"]
[White "Chandler, Murray G"]
[Black "Chiburdanidze, Maia"]
[Result "1-0"]
[WhiteElo "2590"]
[BlackElo "2560"]

1.e4 e5 2.Nf3 Nc6 3.Bb5 a6 4.Ba4 Nf6 5.O-O b5 6.Bb3 Bb7 7.c3 Nxe4 8.d4 Be7
9.Qe2 d5 10.dxe5 O-O 11.Rd1 Na5 12.Bc2 f5 13.Nd4 Qc8 14.f3 c5 15.fxe4 fxe4
16.Nb3 Nc4 17.N1d2 Bh4 18.Nxc4 bxc4 19.Na5 Rf2 20.Qh5 Rxc2 21.Qxh4 Qc7 22.Nxb7 Qxb7
23.Qg4 Re8 24.Rf1 d4 25.e6 Qd5 26.Rf7 g6 27.Bh6 e3 28.Raf1  1-0

[Event "Linares"]
[Site "Linares"]
[Date "1988.??.??"]
[Round "?"]
[White "Beliavsky, Alexander G"]
[Black "Chiburdanidze, Maia"]
[Result "1-0"]
[WhiteElo "2645"]
[BlackElo "2560"]

1.d4 Nf6 2.c4 g6 3.Nc3 d5 4.Nf3 Bg7 5.Qb3 dxc4 6.Qxc4 O-O 7.e4 Nc6 8.Be2 Bg4
9.d5 Na5 10.Qb4 Bxf3 11.Bxf3 b6 12.O-O c5 13.Qa4 Nd7 14.Be2 a6 15.Be3 b5
16.Qd1 Rc8 17.Rc1 c4 18.f4 Nc5 19.e5 e6 20.dxe6 fxe6 21.Qxd8 Rfxd8 22.Bxc5 Rxc5
23.Bg4 Rc6 24.Ne4 Nb7 25.Rfd1 Kf8 26.Rxd8+ Nxd8 27.Bf3 Ke7 28.Kf2 Nf7 29.h4 h6
30.b3 Rc7 31.bxc4 bxc4 32.Be2 g5 33.g3 a5 34.Rxc4 Rxc4 35.Bxc4 gxf4 36.gxf4 Nd8
37.Nc5 Bf8 38.Kf3 Bg7 39.Kg3 Kf7 40.Kg4 Ke7 41.Kh5 Kf7 42.a4  1-0